00657 2200229 4500001002100000005001700021008004100038020002200079035002500101040001200126082001000138084002000148100001800168245008600186250001100272260003200283300002800315500003100343650002000374850001200394990002100406INLIS00000000001975720160509105618.0  a978-602-72845-4-8 a0010-051600000000191 aYOPDYOG a401.9 aDEP 401.9 Tit V aTITIK LESTARI aVerbal abuseb: Dampak buruk dan solusi penanganannya pada anakc/ Titik Lestari. aCet.1. aYogyakartabPsikosainc2016 aviii, 107 hlm.c; 23 cm aBibliografi : hlm. 105-107 aPsikolinguistik aYOPDYOG aCB-D.11/2016-123